Motores eléctricos: variación de velocidad
Сохранить в:
| Главный автор: | |
|---|---|
| Формат: | |
| Язык: | испанский |
| Опубликовано: |
Madrid
International Thomson
2002
|
| Редактирование: | 2a. ed |
| Предметы: | |
| Метки: |
Добавить метку
Нет меток, Требуется 1-ая метка записи!
|
MARC
| LEADER | 00000cam a2200000 a 4500 | ||
|---|---|---|---|
| 001 | UCG9851 | ||
| 003 | CL-VaPUC | ||
| 008 | 120412e20020000SP |||||||||||||||||spa|d | ||
| 020 | |a 842831991X | ||
| 082 | 0 | 4 | |a 621.313 |b ROL |2 21 |
| 100 | 0 | |a Roldán Viloria, José |e author |9 561563 | |
| 245 | 1 | 0 | |a Motores eléctricos: variación de velocidad |
| 250 | |a 2a. ed | ||
| 300 | |a 228 p | ||
| 942 | |c BK | ||
| 945 | |d 20120412 00:00:00 |a cmena | ||
| 260 | |a Madrid |b International Thomson |c 2002 | ||
| 650 | 0 | |a Motores eléctricos |9 260085 | |
| 650 | 7 | |a ELECTROMECANICA |2 CL-VaPUC |9 379840 | |
| 650 | 0 | |a Velocidad |9 311814 | |
| 650 | 7 | |a MOTORES TRIFASICOS |2 CL-VaPUC |9 561564 | |
| 583 | |a last modification |c 20120412 10:24:00 |k Rodrigo Vera | ||
| 999 | |c 347385 |d 347383 | ||